Regional impact of the single European market in France.

Zdôrazňovanie významu vypracovania ekonomickej štúdie o možných dôsledkoch jednotného trhu na francúzske regióny. Teritoriálna politika Francúzska vo vzťahu k jednotnému trhu. Úvahy o špecifikách francúzskych regiónov v európskom kontexte. Národná politika, jej nástroje. Rast vplyvu politiky ES na n...

Descripción completa

Guardado en:
Detalles Bibliográficos
Autor principal: Chicoye, C.
Formato: Capítulo de libro
Lenguaje:inglés
Materias:
Etiquetas: Agregar Etiqueta
Sin Etiquetas, Sea el primero en etiquetar este registro!

MARC

LEADER 00000naa a2200000 4500
001 r010856
005 20221213085227.4
041 0 |a eng 
044 |a GB 
245 1 0 |a Regional impact of the single European market in France.  |c C. Chicoye 
520 |a Zdôrazňovanie významu vypracovania ekonomickej štúdie o možných dôsledkoch jednotného trhu na francúzske regióny. Teritoriálna politika Francúzska vo vzťahu k jednotnému trhu. Úvahy o špecifikách francúzskych regiónov v európskom kontexte. Národná politika, jej nástroje. Rast vplyvu politiky ES na národnú politiku Francúzska. 
610 2 0 |a regióny 
610 2 0 |a Francúzsko 
610 2 0 |a trh vnútorný 
610 2 0 |a integrácia ekonomická 
610 2 0 |a politika regionálna 
610 2 0 |a Európske spoločenstvá 
100 1 |a Chicoye, C.